000 00515nam a2200193Ia 4500
003 OSt
005 20230511101023.0
008 210423s2011 xx 000 0 und d
020 _a9788126142477
040 _cAL
082 _a664.02403 TRIP
_223
100 _aTRIVENI (Prakash).
_9102305
245 _aEncyclopaedia of food biotechnology.
260 _aNew Delhi
_bAnmol Publications
_c2011
300 _a304
_bPB
365 _b3000
_cINR
906 _abiotechnology. ; Encyclopaedia ; food
942 _2ddc
_cBK
999 _c164586
_d164586